Kovové konstrukční materiály. 1. /

Hlavní autor: Holeček, Stanislav, 1937-1997
Korporativní autor: Vysoká škola chemicko-technologická v Praze. Fakulta chemické technologie
Jazyk: Čeština
Vydáno: Praha : Vysoká škola chemicko-technologická, 1997
Vydání: Vyd. 1.
Témata:
Fyzický popis: 113 s. : obr. ; 28 cm
Knihy
Uloženo v:
LEADER 01457nam a2200373 a 4500
001 000371135
003 CZ BrMZK
005 20220113102324.0
007 ta
008 980115s1997 xr e p cze d
020 |a 80-7080-309-6 
040 |a BOA001  |b cze 
072 7 |a 620.1/.2  |x Nauka o materiálu  |2 Konspekt  |9 19 
072 7 |a 37.016  |x Učební osnovy. Vyučovací předměty. Učebnice  |2 Konspekt  |9 22 
080 |a 624.014  |2 MRF 
080 |a 620.2-034  |2 MRF 
080 |a 620.1  |2 MRF 
080 |a (075.8)  |2 MRF 
100 1 |a Holeček, Stanislav,  |d 1937-1997  |7 jx20050919003  |4 aut 
245 1 0 |a Kovové konstrukční materiály.  |n 1. /  |c Stanislav Holeček 
250 |a Vyd. 1. 
260 |a Praha :  |b Vysoká škola chemicko-technologická,  |c 1997 
300 |a 113 s. :  |b obr. ;  |c 28 cm 
521 8 |a Určeno pro posluchače Fakulty chemické technologie 
550 |a Vyd.: Vysoká škola chemicko-technologická, Fakulta chemické technologie 
650 0 7 |a kovové konstrukce  |7 ph121910  |2 czenas 
650 0 7 |a kovové materiály  |7 ph121911  |2 czenas 
650 0 7 |a zkoušení materiálů  |7 ph116776  |2 czenas 
655 7 |a učebnice vysokých škol  |7 fd133772  |2 czenas 
710 2 |a Vysoká škola chemicko-technologická v Praze.  |b Fakulta chemické technologie  |7 kn20020321361 
910 |a BOA001  |b 3-1051.881,1 
990 |a BK 
991 |b 200706 
996 6 |b 2610081476  |c 3-1051.881,1  |l MZK  |r Sklad / do 1 hodiny  |n 3  |p p.v.  |w 000371135  |u 000010  |a 1  |e BOA001  |j MZK50  |s P